000 01048nam a2200289Ia 4500
003 OSt
005 20221007123357.0
006 a|||||r|||| 00| 0
007 ta
008 221006b |||||||| |||| 00| 0 eng d
020 _a0691095523 (pbk)
_c
_ 18.95
024 _a10397
037 _bUnilib,
_cTextual
040 _aPAPL
_cPAPL
_beng
041 _2eng
_aeng
082 _aCvN, N9
100 _aKragh Helge
_948217
245 0 _aQuantum generations: a history of physics in the twentieth century by Helge Kragh
260 _aPrienceton
_bPrinceton University Press
_c1999
300 _axiv, 494p
_ccm.
500 _aAppendix 453-460p; Bibliography 461-480p; Index 481-494p; ^n23/CSL/CARPA/2002-2003/133^d2003-02-03^mPurchase; ; 2002-03/697^b2003-02-10^c289^d2003-02-03^eRs.1,552.00^fUnilib Book Distributors; ; 2003-05-02^bSB^c2003-05-05^dRPS
650 _a History
650 _a Twentieth Century
_9717149
650 _aPhysics
942 _hCvN, N9
_cTEXL
_2CC
999 _c1211784
_d1211784